000 00947nam a22003257a 4500
001 BR0203333
003 BR-BrBNA
005 20230928101108.0
007 ta
008 230509b bl.||||| |||| 00| 0 por d
040 _aBR-BrBNA
_bpor
_cBiblioteca Nacional de Agricultura
041 _a(Por)
072 _aF01
_b0130
090 _ 0130 BR0203333
110 1 _aEMBRAPA Trigo, Passo Fundo, RS (Brasil)
_93754
111 1 _a7. Reunião Brasileira de Pesquisa de Triticale
_cGuarapuava, PR (Brazil)
_d14-15 Aug 2000
245 1 _aIndicações para o cultivo de triticale 2001-2002
260 3 _aPasso Fundo, RS (Brasil):
_c2001.
300 _a67 p.
500 _a5 tables
650 _aTRITICALE
650 _aPRÁTICA CULTURAL
650 _aVARIEDADE
650 _aADUBAÇÃO
650 _aDOENÇA DE PLANTA
650 _aÉPOCA DE SEMEADURA
650 _aPRAGA DE PLANTA
909 _a202309
_bLucia
_c55
_dLucia Elande
942 _cBK
999 _c64238
_d64238